[Event "SRI-ch"]
[Site "Colombo"]
[Date "2014.03.23"]
[Round "11"]
[White "Kalugampitiya, RS."]
[Black "Kulasekara, Kashapa DMT"]
[Result "1-0"]
[WhiteElo "2148"]
[BlackElo "1929"]
[PlyCount "55"]
[EventDate "2014.03.15"]
[EventType "tourn"]
[EventRounds "13"]
[EventCountry "SRI"]
[SourceTitle "EXT 2016"]
[Source "ChessBase"]
[SourceDate "2015.10.08"]
[SourceVersion "1"]
[SourceVersionDate "2015.10.08"]
[SourceQuality "1"]

1. e4 c5 2. Nf3 d6 3. d4 cxd4 4. Nxd4 Nf6 5. Nc3 a6 6. Bg5 e6 7. f4 Be7 8. Qf3 Qc7 9. 0-0-0 0-0 10. g4 b5 11. Bg2 Bb7 12. a3 Nbd7 13. h4 Rac8 14. Qe2 Nb6 15. h5 d5 16. e5 Bxa3 17. Nb1 Bxb2+ 18. Kxb2 Nfd7 19. h6 g6 20. Rh3 Nc5 21. Nb3 a5 22. Qf2 Nc4+ 23. Ka2 Na6 24. Nd4 b4 25. Nd2 a4 26. Bf1 Qa5 27. Ka1 b3 28. c3 1-0

[Event "SRI-ch"]
[Site "Colombo"]
[Date "2014.03.15"]
[Round "1"]
[White "Kalugampitiya, RS."]
[Black "Ranasinghe, Sachini D"]
[Result "1-0"]
[WhiteElo "2148"]
[BlackElo "1846"]
[PlyCount "107"]
[EventDate "2014.03.15"]
[EventType "tourn"]
[EventRounds "13"]
[EventCountry "SRI"]
[SourceTitle "EXT 2016"]
[Source "ChessBase"]
[SourceDate "2015.10.08"]
[SourceVersion "1"]
[SourceVersionDate "2015.10.08"]
[SourceQuality "1"]

1. d4 d5 2. Nf3 e6 3. g3 Nf6 4. Bg2 Bd6 5. 0-0 0-0 6. a4 a5 7. c4 c6 8. Nc3 Nbd7 9. e4 Nxe4 10. Nxe4 dxe4 11. Ng5 Nf6 12. Bd2 Be7 13. Bc3 Nd5 14. Nxe4 Nxc3 15. Nxc3 Bf6 16. d5 cxd5 17. cxd5 Ra6 18. Qb3 Bxc3 19. bxc3 exd5 20. Bxd5 Rb6 21. Qc4 Be6 22. Bxe6 Rxe6 23. Rab1 Rc6 24. Qb3 b6 25. c4 Qc8 26. Rfc1 Qh3 27. Qf3 Rfc8 28. Qg2 Qxg2+ 29. Kxg2 Rxc4 30. Rxc4 Rxc4 31. Rxb6 g6 32. h4 Rxa4 33. Ra6 Ra1 34. Kh2 a4 35. Kg2 a3 36. Kf3 Kf8 37. Ra7 Kg7 38. Ra6 Kf8 39. Ra7 Ke8 40. Kg2 a2 41. Kf3 h5 42. Kg2 Kd8 43. f4 Kc8 44. Ra3 Kb7 45. Ra4 Kb6 46. Ra8 Kb7 47. Ra4 Kb6 48. Ra8 Kb5 49. Rb8+ Kc4 50. Rc8+ Kd3 51. Rd8+ Ke4 52. Ra8 Kf5 53. Ra5+ Kg4 54. Rg5# 1-0

[Event "SRI-ch"]
[Site "Colombo"]
[Date "2014.03.15"]
[Round "2"]
[White "Kavinda, Akila"]
[Black "Kalugampitiya, RS."]
[Result "0-1"]
[WhiteElo "1921"]
[BlackElo "2148"]
[PlyCount "100"]
[EventDate "2014.03.15"]
[EventType "tourn"]
[EventRounds "13"]
[EventCountry "SRI"]
[SourceTitle "EXT 2016"]
[Source "ChessBase"]
[SourceDate "2015.10.08"]
[SourceVersion "1"]
[SourceVersionDate "2015.10.08"]
[SourceQuality "1"]

1. d4 Nf6 2. Nf3 g6 3. c4 Bg7 4. Nc3 d6 5. e4 0-0 6. h3 e5 7. d5 Na6 8. Bg5 Qe8 9. Be2 Nc5 10. Nd2 a5 11. g4 c6 12. f3 cxd5 13. cxd5 b6 14. Nc4 Qd8 15. Nb5 Nb7 16. a4 h6 17. Be3 Ra6 18. Na7 Nd7 19. Nc6 Qh4+ 20. Bf2 Qf6 21. h4 Ndc5 22. Ne3 Ra8 23. g5 hxg5 24. hxg5 Qxg5 25. Bh4 Qh6 26. Ne7+ Kh7 27. Kd2 Qh5 28. Nxc8 Raxc8 29. Be7 Rfe8 30. Rxh5+ gxh5 31. Bh4 Bh6 32. Bb5 Rg8 33. Ke2 Rg6 34. Bf2 Rcg8 35. Rc1 Bf4 36. Bc6 Nd8 37. Rxc5 bxc5 38. Bd7 Kg7 39. Bf5 Rg5 40. Bh4 Bxe3 41. Kxe3 Rg2 42. Qb3 f6 43. Qb6 Nf7 44. Be6 Rh2 45. Bf2 h4 46. Qxa5 Rb8 47. Qc3 Ng5 48. a5 h3 49. Bh4 Rhxb2 50. Bxg5 fxg5 0-1

[Event "Asia zt 3.2"]
[Site "Colombo"]
[Date "2013.02.03"]
[Round "2"]
[White "Kalugampitiya, RS."]
[Black "Hapuarachchi, HLM"]
[Result "1/2-1/2"]
[WhiteElo "2146"]
[BlackElo "2004"]
[PlyCount "62"]
[EventDate "2013.02.03"]
[EventType "swiss"]
[EventRounds "9"]
[EventCountry "SRI"]
[SourceTitle "CBM 153 Extra"]
[Source "ChessBase"]
[SourceDate "2013.04.22"]
[SourceVersion "1"]
[SourceVersionDate "2013.04.22"]
[SourceQuality "1"]

1. e4 d6 2. d4 Nf6 3. Nc3 e5 4. dxe5 dxe5 5. Qxd8+ Kxd8 6. Bg5 Be6 7. 0-0-0+ Nbd7 8. Nf3 Bd6 9. Nb5 Ke7 10. Nxd6 cxd6 11. Kb1 Nc5 12. Bd3 Rhd8 13. Rhe1 h6 14. Bxf6+ Kxf6 15. Nd2 Rac8 16. Nb3 Bxb3 17. axb3 Nxd3 18. Rxd3 Ke6 19. Red1 b5 20. f3 Rd7 21. Kc1 Rc5 22. Rd5 Rxd5 23. exd5+ Kf5 24. Kd2 Rc7 25. Kd3 b4 26. c4 Rc5 27. Ra1 a5 28. Re1 Rc7 29. Ra1 Rc5 30. Re1 Rc7 31. Ra1 Rc5 1/2-1/2

[Event "SRI-ch"]
[Site "Colombo"]
[Date "2012.03.31"]
[Round "11"]
[White "Galappaththi, Chinthaka Anuruddh"]
[Black "Kalugampitiya, RS."]
[Result "0-1"]
[WhiteElo "2098"]
[BlackElo "2126"]
[PlyCount "104"]
[EventDate "2012.03.23"]
[EventType "tourn"]
[EventRounds "13"]
[EventCountry "SRI"]
[SourceTitle "EXT 2013"]
[Source "ChessBase"]
[SourceDate "2012.11.22"]
[SourceVersion "1"]
[SourceVersionDate "2012.11.22"]
[SourceQuality "1"]

1. e4 c5 2. Nc3 e6 3. f4 Ne7 4. Nf3 a6 5. d3 Nbc6 6. g3 d5 7. Bg2 g6 8. 0-0 Bg7 9. Qe1 0-0 10. e5 b5 11. Qf2 c4 12. Be3 f6 13. Bb6 Qe8 14. exf6 Bxf6 15. d4 Rb8 16. Bc5 Qd8 17. g4 Bg7 18. Qh4 b4 19. Ne2 Rb5 20. Rae1 Rxc5 21. dxc5 Qa5 22. Kh1 Qxc5 23. c3 a5 24. f5 exf5 25. Nf4 fxg4 26. Ng5 h6 27. Nge6 Bxe6 28. Nxe6 Rxf1+ 29. Rxf1 Qd6 30. Nxg7 Kxg7 31. Qxg4 h5 32. Qf3 Nf5 33. Rd1 Nce7 34. Qe2 Kf6 35. Qd2 bxc3 36. bxc3 Qe5 37. Re1 Qd6 38. Rb1 Qc5 39. Re1 Qd6 40. Qf2 g5 41. Rb1 d4 42. Be4 Qf4 43. Qxf4 gxf4 44. Bxf5 Kxf5 45. cxd4 Nd5 46. Rb5 Ke4 47. Rxa5 Kxd4 48. Ra8 c3 49. Rc8 Ke3 50. a4 Ke2 51. Kg1 f3 52. Rf8 c2 0-1

[Event "SRI-ch"]
[Site "Colombo"]
[Date "2012.03.23"]
[Round "1"]
[White "Edirisinghe, Dulan"]
[Black "Kalugampitiya, RS."]
[Result "1-0"]
[WhiteElo "2035"]
[BlackElo "2126"]
[PlyCount "63"]
[EventDate "2012.03.23"]
[EventType "tourn"]
[EventRounds "13"]
[EventCountry "SRI"]
[SourceTitle "EXT 2013"]
[Source "ChessBase"]
[SourceDate "2012.11.22"]
[SourceVersion "1"]
[SourceVersionDate "2012.11.22"]
[SourceQuality "1"]

1. d4 Nf6 2. c4 g6 3. Nc3 Bg7 4. e4 d6 5. Be2 0-0 6. h3 c5 7. Nf3 Nbd7 8. d5 a6 9. a4 Rb8 10. 0-0 b5 11. axb5 axb5 12. cxb5 Qc7 13. Be3 e6 14. dxe6 fxe6 15. Qb3 Nb6 16. Bc4 Kh8 17. Ng5 Nxc4 18. Qxc4 h6 19. Nf3 Nd7 20. Qd3 c4 21. Qd2 g5 22. Rfd1 Ne5 23. Nxe5 Bxe5 24. Bd4 Bb7 25. Bxe5+ dxe5 26. Qd6 Qg7 27. Qxe6 Bc8 28. Qd6 Rb7 29. Rd5 Re7 30. Qb6 g4 31. hxg4 Bxg4 32. Rd6 1-0